000
00335nam a22001457a 4500
999
_c
11219
_d
11219
003
OSt
008
220521b ||||| |||| 00| 0 eng d
020
_a
978-93-9116-548-2
082
_a
181.4 WAD
100
_a
WARIKOO,Ankur
245
_a
Do Epic Shit
260
_a
New Delhi
_b
Juggernaut
_c
2021
300
_a
293
942
_2
ddc
_c
BK
_0
11